000 00672nam a22002297a 4500
003 UA-OsUOA
001 118198
007 ta
008 20160722b un ||||| |||| 00| 0 ukr d
100 _aСмирнов К. Ф.
090 _a902.6
_bС50
942 _cBK
040 _aUA-OsUOA
_brus
_cUA-OsUOA
_dUA-OsUOA
245 _aСарматы и утверждение их политического господства в Скифии
_bмонография
300 _a184 с.
955 _a1
041 _arus
080 _a902.6
260 _aМ.
_bНаука
_c1984
650 7 _a9 Географія. Біографії. Історія
_2UDC
999 _c404251
_d404251